[Event "Faxe Dags EMT 2012"]
[Site "Faxe"]
[Date "2012.03.28"]
[Round "2"]
[White "Christoffersen, Ib"]
[Black "Adrian, Michael"]
[Result "0-1"]
[WhiteElo "1452"]
[BlackElo "1390"]
[PlyCount "92"]
[EventDate "2012.??.??"]

1. e4 e6 2. d4 Nf6 3. Bg5 Be7 4. Nd2 b6 5. Ne2 Bb7 6. Ng3 d6 7. Bd3 Nbd7 8. c3
h6 9. Bf4 g5 10. Be3 Qc8 11. Bc4 Ba6 12. O-O Bxc4 13. Nxc4 Qb7 14. Qd3 O-O-O
15. f3 Rdg8 16. Rad1 h5 17. e5 Nd5 18. exd6 cxd6 19. Ne4 Qc6 20. Bf2 Nf4 21.
Ncxd6+ Bxd6 22. Qa6+ Kd8 23. b4 Bb8 24. Rd2 Ke7 25. b5 Qc7 26. Qa3+ Ke8 27. Bg3
h4 28. Be1 f5 29. d5 Nxd5 30. c4 Qxh2+ 31. Kf2 Bg3+ 32. Ke2 fxe4 33. cxd5 Qxg2+
34. Bf2 exf3+ 35. Ke1 Bxf2+ 36. Rdxf2 Qg3 37. Qc3 Qe5+ 38. Qxe5 Nxe5 39. Rd2
Kd7 40. Kf2 Rf8 41. dxe6+ Kxe6 42. Re1 g4 43. Rc2 Rc8 44. Rd2 Kf5 45. Rd5 Rhe8
46. Re3 Rcd8 0-1

[Event "Faxe Dags EMT 2012"]
[Site "Faxe"]
[Date "2012.03.28"]
[Round "2"]
[White "Refsgaard, Kaj"]
[Black "Larsen, Poul Erik"]
[Result "1-0"]
[WhiteElo "1428"]
[BlackElo "1307"]
[PlyCount "99"]
[EventDate "2012.??.??"]

1. d4 e6 2. Nf3 d5 3. c4 c5 4. cxd5 exd5 5. e3 c4 6. Nc3 Nf6 7. g3 Be7 8. Bg2
Bg4 9. Qc2 Nc6 10. a3 a6 11. O-O Bd6 12. Nh4 Qd7 13. Nxd5 Nxd5 14. Bxd5 Na5 15.
Bg2 Rc8 16. Qe4+ Qe6 17. Qxe6+ Bxe6 18. Nf3 Bf5 19. Bd2 Nb3 20. Ra2 Nxd2 21.
Nxd2 b5 22. Bb7 Rb8 23. Bxa6 Be6 24. Ne4 Be7 25. Nc3 Bd7 26. Nd5 Bd6 27. a4 O-O
28. axb5 Bxb5 29. Bxb5 Rxb5 30. Nc3 Rb3 31. Ne4 Bb4 32. Rc1 Rc8 33. Nc5 Bxc5
34. Rxc4 g6 35. dxc5 Kf8 36. c6 Rb6 37. b4 Rcxc6 38. Rxc6 Rxc6 39. Kg2 h5 40.
h4 f5 41. b5 Rb6 42. Ra6 Rxb5 43. Rxg6 Kf7 44. Rg5 Kf6 45. e4 Re5 46. Rxf5+
Rxf5 47. exf5 Kxf5 48. Kf3 Ke5 49. g4 hxg4+ 50. Kxg4 1-0

[Event "Faxe Dags EMT 2012"]
[Site "Faxe"]
[Date "2012.03.28"]
[Round "2"]
[White "Joost, Kjeld"]
[Black "Ostrem, Eyolf"]
[Result "0-1"]
[WhiteElo "1254"]
[BlackElo "1414"]
[PlyCount "40"]
[EventDate "2012.??.??"]

1. e4 c6 2. Nf3 d5 3. e5 Bg4 4. Be2 Nd7 5. O-O Bxf3 6. Bxf3 Nxe5 7. Re1 Ng6 8.
d4 e6 9. Qd3 Bd6 10. g3 Nf6 11. Nc3 Qc7 12. a3 O-O-O 13. b4 h5 14. Bg5 h4 15.
Rxe6 fxe6 16. Qxg6 hxg3 17. fxg3 Bxg3 18. Bxf6 Bxh2+ 19. Kg2 gxf6 20. Rh1 Rdg8
0-1

[Event "Faxe Dags EMT 2012"]
[Site "Faxe"]
[Date "2012.03.28"]
[Round "2"]
[White "Nielsen, Flemming"]
[Black "Andersen, Hans Poul"]
[Result "0-1"]
[WhiteElo "1399"]
[BlackElo "1202"]
[PlyCount "82"]
[EventDate "2012.??.??"]

1. e4 e5 2. Nf3 d6 3. Nc3 Bd7 4. Bc4 h6 5. O-O Nf6 6. Re1 Be7 7. d4 Nc6 8. d5
Na5 9. Bd3 b6 10. b4 Nb7 11. Ne2 O-O 12. Ng3 a5 13. b5 Nc5 14. a4 Bg4 15. Re3
Nh5 16. Nxh5 Bxh5 17. Be2 Bg6 18. Bd3 f5 19. Nd2 f4 20. Rh3 Nxd3 21. cxd3 Qe8
22. Nf3 Bh5 23. Qc2 Bg4 24. Qxc7 Bxh3 25. gxh3 Qd8 26. Qc2 Rc8 27. Qe2 Qd7 28.
Qf1 Rc7 29. d4 Bf6 30. Bb2 Re8 31. dxe5 dxe5 32. Rd1 Rc2 33. Rd2 Rxd2 34. Nxd2
Rc8 35. Nc4 Qc7 36. Na3 Qc5 37. Qa1 Bh4 38. Qf1 Qb4 39. Qa1 Qd2 40. Nb1 Qxf2+
41. Kh1 Qf1# 0-1

[Event "Faxe Dags EMT 2012"]
[Site "Faxe"]
[Date "2012.04.18"]
[Round "3"]
[White "Jensen, Leif"]
[Black "Christoffersen, Per"]
[Result "1/2-1/2"]
[WhiteElo "1982"]
[BlackElo "1646"]
[PlyCount "60"]
[EventDate "2012.??.??"]

1. e4 e6 2. d4 d5 3. Nd2 Nf6 4. e5 Nfd7 5. c3 c5 6. f4 Nc6 7. Ndf3 Qb6 8. g3
Be7 9. Kf2 f6 10. Kg2 O-O 11. Bd3 cxd4 12. cxd4 fxe5 13. dxe5 Nc5 14. Bb1 Ne4
15. Qe2 Nd4 16. Nxd4 Qxd4 17. Nf3 Qb4 18. h4 Bd7 19. a3 Bb5 20. axb4 Bxe2 21.
Nd4 Bg4 22. b5 Bc5 23. Be3 Bxd4 24. Bxd4 Nd2 25. Kf2 Nb3 26. Ra4 Nxd4 27. Rxd4
Rfc8 28. Bd3 Rc7 29. Ra1 b6 30. Rda4 g6 1/2-1/2

[Event "Faxe Dags EMT 2012"]
[Site "Faxe"]
[Date "2012.04.18"]
[Round "3"]
[White "Christensen, Lars (1957)"]
[Black "Eckert, Svend"]
[Result "1-0"]
[WhiteElo "1901"]
[BlackElo "1630"]
[PlyCount "61"]
[EventDate "2012.??.??"]

1. e4 c6 2. d4 d5 3. e5 Bf5 4. g4 Be4 5. f3 Bg6 6. h4 h5 7. g5 Bf5 8. Bd3 Qc8
9. Ne2 g6 10. Nf4 Bg7 11. Kf2 Kf8 12. Re1 Bxd3 13. Qxd3 e6 14. b3 Ne7 15. Ba3
Qe8 16. c4 Nd7 17. Nc3 Nb6 18. cxd5 cxd5 19. Nb5 Qd7 20. Rac1 Rc8 21. Nxa7 Rxc1
22. Rxc1 Kg8 23. Bxe7 Qxe7 24. Nb5 Kh7 25. Rc7 Nd7 26. Nxh5 Bxe5 27. dxe5 Nxe5
28. Qd4 Ra8 29. Nf6+ Kg7 30. Qxe5 Rxa2+ 31. Kg3 1-0

[Event "Faxe Dags EMT 2012"]
[Site "Faxe"]
[Date "2012.04.18"]
[Round "3"]
[White "Larsen, Paul M"]
[Black "Frederiksen, Uffe"]
[Result "1/2-1/2"]
[WhiteElo "1293"]
[BlackElo "1712"]
[PlyCount "47"]
[EventDate "2012.??.??"]

1. d4 Nf6 2. Nf3 d5 3. e3 c5 4. c3 e6 5. Bd3 Nc6 6. O-O Bd7 7. Nbd2 Be7 8. e4
cxd4 9. cxd4 dxe4 10. Nxe4 Nxe4 11. Bxe4 Bf6 12. d5 exd5 13. Bxd5 O-O 14. a3
Bf5 15. Ba2 Qb6 16. Qb3 Nd4 17. Nxd4 Bxd4 18. Qxb6 Bxb6 19. Bd5 Bd3 20. Bxb7
Rab8 21. Rd1 Bc2 22. Rd2 Bb3 23. Bf3 Rfe8 24. Re2 1/2-1/2

[Event "Faxe Dags EMT 2012"]
[Site "Faxe"]
[Date "2012.04.18"]
[Round "3"]
[White "Hansen, Knud"]
[Black "Petersen, Bent"]
[Result "0-1"]
[WhiteElo "1506"]
[BlackElo "1915"]
[PlyCount "74"]
[EventDate "2012.??.??"]

1. e4 c5 2. d3 g6 3. g3 Bg7 4. Bg2 Nc6 5. Ne2 Nf6 6. O-O O-O 7. Nd2 d5 8. exd5
Nxd5 9. Nc4 Re8 10. Rb1 Bf5 11. Ne3 Be6 12. a3 Rc8 13. Nxd5 Bxd5 14. Nf4 Bxg2
15. Nxg2 e5 16. Be3 b6 17. c3 Qe7 18. Qc2 Red8 19. Rbd1 b5 20. Rfe1 a5 21. Qe2
Rd7 22. Rd2 b4 23. axb4 cxb4 24. c4 b3 25. Rc1 Ra8 26. Qf3 e4 27. Qd1 a4 28.
Rb1 Ne5 29. Ne1 exd3 30. Nxd3 Nxc4 31. Qf3 Rad8 32. Rbd1 Nxe3 33. Re1 Rxd3 34.
Rxd3 Rxd3 35. Rxe3 Rxe3 36. fxe3 Bh6 37. e4 Qc5+ 0-1

[Event "Faxe Dags EMT 2012"]
[Site "Faxe"]
[Date "2012.04.18"]
[Round "3"]
[White "Strandsbjerg, Jens"]
[Black "Hansen, Aage"]
[Result "1-0"]
[WhiteElo "1433"]
[BlackElo "1613"]
[PlyCount "91"]
[EventDate "2012.??.??"]

1. d4 d5 2. c4 e5 3. dxe5 d4 4. Nf3 c5 5. e3 Nc6 6. exd4 cxd4 7. a3 a5 8. Bd3
Bg4 9. O-O Nge7 10. Re1 Ng6 11. Bxg6 hxg6 12. Bg5 Be7 13. Bxe7 Qxe7 14. Qb3 a4
15. Qd3 Bxf3 16. Qxf3 f6 17. Nd2 fxe5 18. Qg4 Kf7 19. Nf3 Rh5 20. Re4 Rd8 21.
Rae1 d3 22. Nd2 Rdh8 23. h3 Rg5 24. Qf3+ Qf6 25. Qxd3 Rd8 26. Qe3 Rf5 27. Nf3
Re8 28. Rd1 Kg8 29. c5 Rc8 30. Rd6 Qf7 31. Nxe5 Nxe5 32. Rxe5 Rf8 33. Re7 Qa2
34. Rxg6 Qxb2 35. Qe6+ R5f7 36. Rxf7 Rxf7 37. Qe8+ Rf8 38. Qe6+ Kh7 39. Rg4
Qxf2+ 40. Kh2 Qf6 41. Qxf6 Rxf6 42. Rxa4 Rc6 43. Rb4 Rxc5 44. Rxb7 Ra5 45. Rb3
g5 46. g4 1-0

[Event "Faxe Dags EMT 2012"]
[Site "Faxe"]
[Date "2012.04.18"]
[Round "3"]
[White "Kjeldgaard, Lennart"]
[Black "Refsgaard, Kaj"]
[Result "0-1"]
[WhiteElo "1614"]
[BlackElo "1428"]
[PlyCount "92"]
[EventDate "2012.??.??"]

1. e4 c5 2. Bc4 Nc6 3. Nf3 g6 4. c3 Bg7 5. d3 d6 6. Be3 Nf6 7. Qd2 O-O 8. h4 h5
9. Bh6 Ng4 10. Bxg7 Kxg7 11. Ng5 Nge5 12. Bb3 b5 13. Bd5 Bb7 14. d4 cxd4 15.
cxd4 Nc4 16. Bxc4 bxc4 17. d5 Ne5 18. Qd4 Kg8 19. O-O Ba6 20. Nc3 Qc8 21. f4
Nd7 22. Rf2 Qc5 23. Qd2 Nf6 24. Kh1 Ng4 25. Rf3 Bc8 26. f5 f6 27. fxg6 fxg5 28.
Rxf8+ Kxf8 29. g7+ Kg8 30. Rf1 Qe3 31. Qxe3 Nxe3 32. Rf8+ Kxg7 33. Re8 Kf7 34.
Rh8 gxh4 35. Rxh5 Rb8 36. Rh8 Nxg2 37. Rxc8 Rxc8 38. Kxg2 Rb8 39. Nd1 Kf6 40.
Kf3 Ke5 41. Ne3 Rf8+ 42. Nf5 Rxf5+ 43. exf5 Kxf5 44. a3 a6 45. Ke3 Ke5 46. Kf3
Kxd5 0-1

[Event "Faxe Dags EMT 2012"]
[Site "Faxe"]
[Date "2012.04.18"]
[Round "3"]
[White "Ostrem, Eyolf"]
[Black "Hansen, Borge"]
[Result "1/2-1/2"]
[WhiteElo "1414"]
[BlackElo "1581"]
[PlyCount "61"]
[EventDate "2012.??.??"]

1. d4 d5 2. Bf4 e6 3. e3 Nf6 4. Nd2 Nbd7 5. Ngf3 Be7 6. Bd3 c5 7. c3 Nh5 8. Bg3
Nxg3 9. hxg3 h6 10. Qc2 c4 11. Be2 Nb6 12. Ne5 Bf6 13. Ndf3 Bd7 14. Ng4 Ba4 15.
b3 Bb5 16. a4 Bc6 17. b4 a6 18. Nfe5 Bxe5 19. Nxe5 Qd6 20. Bh5 O-O 21. g4 f5
22. g5 hxg5 23. Bg6 Rf6 24. Qe2 g4 25. Bf7+ Kf8 26. Rh8+ Ke7 27. Rxa8 Nxa8 28.
b5 Be8 29. Bxe8 Kxe8 30. Qb2 a5 31. g3 1/2-1/2

[Event "Faxe Dags EMT 2012"]
[Site "Faxe"]
[Date "2012.04.18"]
[Round "3"]
[White "Adrian, Michael"]
[Black "Brinkhard, Anders"]
[Result "0-1"]
[WhiteElo "1390"]
[BlackElo "1557"]
[PlyCount "134"]
[EventDate "2012.??.??"]

1. e4 e6 2. d4 d5 3. e5 c5 4. c3 Nc6 5. Bb5 Bd7 6. Nf3 Nxe5 7. Nxe5 Bxb5 8. Qf3
Qf6 9. Na3 Qxf3 10. gxf3 Bc6 11. Rg1 f6 12. Nxc6 bxc6 13. dxc5 Kf7 14. b4 a5
15. Nc2 Ne7 16. Be3 e5 17. a3 Nf5 18. O-O-O Be7 19. f4 e4 20. Rgf1 axb4 21.
cxb4 Rhb8 22. Kb2 Nxe3 23. fxe3 Bxc5 24. Rc1 Bb6 25. Nd4 Bxd4+ 26. exd4 Rb6 27.
Rc5 f5 28. Kb3 Rba6 29. Ra1 Ke6 30. Rc3 g6 31. h4 Kd6 32. Rc5 Re8 33. a4 e3 34.
Re1 e2 35. Rc2 Re3+ 36. Rc3 Rxc3+ 37. Kxc3 Rxa4 38. Kb3 Ra7 39. Rxe2 Ra8 40.
Rh2 Re8 41. h5 Rg8 42. Rg2 Ke6 43. hxg6 hxg6 44. Rh2 Kd6 45. Rh6 Kc7 46. Rh7+
Kb6 47. Re7 g5 48. fxg5 Rxg5 49. Rf7 Rg4 50. Rxf5 Rxd4 51. Rf8 Rh4 52. Rd8 Rh3+
53. Ka4 Kc7 54. Rf8 Rh1 55. Rf4 Ra1+ 56. Kb3 Kb6 57. Rd4 Kb5 58. Kb2 Rg1 59.
Kb3 Rg3+ 60. Kc2 Re3 61. Kb2 Re4 62. Rxe4 dxe4 63. Kc3 e3 64. Kd3 Kxb4 65. Kxe3
Kc3 66. Ke2 c5 67. Kd1 Kb2 0-1

[Event "Faxe Dags EMT 2012"]
[Site "Faxe"]
[Date "2012.04.18"]
[Round "3"]
[White "Toftvang, Ove"]
[Black "Rasmussen, Frede"]
[Result "1-0"]
[WhiteElo "1252"]
[BlackElo "1514"]
[PlyCount "65"]
[EventDate "2012.??.??"]

1. d4 e6 2. Nf3 h6 3. e4 a6 4. c3 d6 5. Be2 Bd7 6. O-O Nc6 7. b4 b5 8. a3 Nce7
9. h3 c6 10. Nh2 e5 11. f4 Qb6 12. Be3 a5 13. f5 Nf6 14. Qd3 axb4 15. cxb4 Qc7
16. dxe5 dxe5 17. Bc5 Nc8 18. Be3 Bxb4 19. Bd1 Qd6 20. Bc2 Bc5 21. Bxc5 Qxc5+
22. Kh1 O-O 23. Nd2 Nb6 24. Ng4 Qe7 25. Nf3 Nxg4 26. hxg4 f6 27. Nh4 Be8 28.
Bb3+ Kh7 29. Rfd1 Nd7 30. Ng6 Bxg6 31. fxg6+ Kxg6 32. Qxd7 Qc5 33. Qf5# 1-0

[Event "Faxe Dags EMT 2012"]
[Site "Faxe"]
[Date "2012.04.18"]
[Round "3"]
[White "Andersen, Hans Poul"]
[Black "Sorensen, Lindved"]
[Result "0-1"]
[WhiteElo "1202"]
[BlackElo "1501"]
[PlyCount "60"]
[EventDate "2012.??.??"]

1. e4 d5 2. Qf3 dxe4 3. Qxe4 Nf6 4. Qd3 Nc6 5. Qxd8+ Kxd8 6. d3 Nd4 7. Na3 e5
8. c3 Bxa3 9. cxd4 Bb4+ 10. Bd2 Bxd2+ 11. Kxd2 exd4 12. h3 Be6 13. Nf3 c5 14.
b3 Nd5 15. g3 Nc3 16. Bg2 Bd5 17. Rhe1 Re8 18. Rxe8+ Kxe8 19. Nh4 Bxg2 20. Nxg2
g5 21. a4 a6 22. Re1+ Kd7 23. h4 h6 24. Kc2 Kd6 25. hxg5 hxg5 26. Rh1 Re8 27.
Ne3 dxe3 28. Kxc3 exf2 29. Rf1 Re2 30. g4 Ke5 0-1

[Event "Faxe Dags EMT 2012"]
[Site "Faxe"]
[Date "2012.04.18"]
[Round "3"]
[White "Christoffersen, Ib"]
[Black "Andersen, Hans E"]
[Result "1/2-1/2"]
[WhiteElo "1452"]
[BlackElo "1576"]
[PlyCount "170"]
[EventDate "2012.??.??"]

1. d4 g6 2. Nf3 Bg7 3. e3 a6 4. Bc4 d5 5. Bd3 Nc6 6. c3 e5 7. dxe5 Nxe5 8. Nxe5
Bxe5 9. Nd2 Qd6 10. Nf1 c6 11. Bd2 Ne7 12. Qe2 b5 13. f4 Bf6 14. a3 O-O 15.
O-O-O Be6 16. e4 dxe4 17. Bxe4 Bb3 18. Bc2 Bc4 19. Qf2 a5 20. Be3 Qe6 21. Bc5
Rfe8 22. Rd6 Qc8 23. Rxf6 Nd5 24. Rd6 Re2 25. Qd4 Re1+ 26. Bd1 Bb3 27. Ng3 Qe8
28. Qd2 Rxh1 29. Nxh1 Bxd1 30. Kxd1 Qe4 31. Ng3 Qb1+ 32. Ke2 Re8+ 33. Kf3 Rc8
34. h4 h5 35. f5 a4 36. fxg6 fxg6 37. Rxg6+ Qxg6 38. Qg5 Qxg5 39. hxg5 Kf7 40.
Nxh5 Kg6 41. Kg4 Re8 42. Nf4+ Nxf4 43. Kxf4 Re2 44. g3 Rxb2 45. Bb4 Re2 46. g4
Rd2 47. Ke3 Rd5 48. Kf4 Rxg5 49. Be7 Rd5 50. Ke4 Rd1 51. Bb4 Kg5 52. Kf3 Rd3+
53. Ke4 Rd5 54. Kf3 Re5 55. Bd6 Rd5 56. Be7+ Kg6 57. Kf4 Rd3 58. Bb4 Rd1 59. g5
Rf1+ 60. Ke4 Rf5 61. Be7 Rd5 62. Bf6 Rf5 63. Be7 Rf1 64. Kd4 Rf5 65. Ke4 Rf1
66. Kd4 Kf7 67. Bf6 Rf5 68. Ke4 Ke6 69. Bd8 Rd5 70. Bf6 Kf7 71. Be5 Ke6 72. Bf6
Rd1 73. Bd4 Rf1 74. Bf6 Rxf6 75. gxf6 Kxf6 76. Kd4 Ke6 77. Kc5 Kd7 78. c4 bxc4
79. Kxc4 Kd6 80. Kb4 Kd5 81. Kxa4 Kd4 82. Kb3 c5 83. a4 c4+ 84. Kc2 c3 85. a5
Kc5 1/2-1/2

[Event "Faxe Dags EMT 2012"]
[Site "Faxe"]
[Date "2012.04.18"]
[Round "3"]
[White "Hansen, Arne Mandrup"]
[Black "Nielsen, Flemming"]
[Result "1-0"]
[WhiteElo "1313"]
[BlackElo "1399"]
[PlyCount "53"]
[EventDate "2012.??.??"]

1. d4 Nf6 2. c4 e6 3. g3 c5 4. Nf3 Nc6 5. Nc3 cxd4 6. Nxd4 d6 7. Bg2 Ne5 8. O-O
h5 9. h3 Nh7 10. Bf4 Ng6 11. Be3 Rb8 12. Qa4+ Bd7 13. Qxa7 Qc8 14. Rfc1 d5 15.
Ndb5 dxc4 16. Qb6 Be7 17. Nd6+ Bxd6 18. Qxd6 e5 19. Rd1 Ne7 20. Nd5 Nxd5 21.
Rxd5 f6 22. Rad1 Bc6 23. Rc5 Nf8 24. Bxc6+ bxc6 25. Rxc6 Qb7 26. Rc7 Qb4 27.
Bc5 1-0

[Event "Faxe Dags EMT 2012"]
[Site "Faxe"]
[Date "2012.04.18"]
[Round "3"]
[White "Jakobsen, Henning"]
[Black "Joost, Kjeld"]
[Result "1-0"]
[WhiteElo "1395"]
[BlackElo "1254"]
[PlyCount "61"]
[EventDate "2012.??.??"]

1. d4 d5 2. c4 Nf6 3. Nc3 b6 4. Nf3 Bb7 5. Bf4 e6 6. e3 Bb4 7. Be2 Ne4 8. Rc1
g5 9. Bg3 h5 10. h3 Nxg3 11. fxg3 Bd6 12. Ne5 f6 13. Bxh5+ Kf8 14. Ng6+ Kg7 15.
Nxh8 Qxh8 16. O-O dxc4 17. Bf3 c6 18. Ne4 Be7 19. g4 Ba6 20. Nc3 Bb7 21. Qe2
Ba6 22. e4 Kg6 23. Qc2 Bc8 24. d5 e5 25. dxc6 Nxc6 26. a3 Bc5+ 27. Kh1 Nd4 28.
Qa4 Nxf3 29. Rxf3 Bxg4 30. Rg3 Qh4 31. Rxg4 1-0

[Event "Faxe Dags EMT 2012"]
[Site "Faxe"]
[Date "2012.04.18"]
[Round "3"]
[White "Larsen, Poul Erik"]
[Black "Karstensen, Preben"]
[Result "0-1"]
[WhiteElo "1307"]
[BlackElo "1354"]
[PlyCount "98"]
[EventDate "2012.??.??"]

1. Nf3 d6 2. d4 Nf6 3. e3 Bg4 4. Nbd2 g6 5. Bd3 Bg7 6. c3 c6 7. Qb3 Qb6 8. Qc2
d5 9. h3 Bxf3 10. Nxf3 Nbd7 11. O-O O-O 12. b4 a6 13. Rb1 Qc7 14. c4 dxc4 15.
Bxc4 Qc8 16. a4 Nb6 17. Bb3 Nbd5 18. Ba3 Re8 19. Rbc1 e6 20. Rfe1 Bf8 21. Bxd5
exd5 22. Qb2 Qd8 23. a5 Bd6 24. Nd2 Qd7 25. Qc2 Ne4 26. Nb3 f5 27. Nc5 Qf7 28.
Nxe4 fxe4 29. Qe2 Re6 30. Rf1 Rf6 31. f4 exf3 32. Rxf3 Rxf3 33. gxf3 Qe7 34.
Rb1 Qg5+ 35. Kf1 Qf5 36. e4 Qxh3+ 37. Ke1 Qh1+ 38. Qf1 Qh4+ 39. Kd2 Qf4+ 40.
Kd3 dxe4+ 41. fxe4 Qg3+ 42. Kc2 Qxa3 43. Rb3 Qa4 44. Qc4+ Kg7 45. Kc3 Rf8 46.
Qe6 Rf3+ 47. Kb2 Qxb3+ 48. Qxb3 Rxb3+ 49. Kxb3 h5 0-1

[Event "Faxe Dags EMT 2012"]
[Site "Faxe"]
[Date "2012.04.25"]
[Round "4"]
[White "Jensen, Leif"]
[Black "Christensen, Lars (1957)"]
[Result "1/2-1/2"]
[WhiteElo "1982"]
[BlackElo "1901"]
[PlyCount "47"]
[EventDate "2012.??.??"]

1. e4 d5 2. exd5 Qxd5 3. Qf3 Nf6 4. c3 c5 5. Qxd5 Nxd5 6. Nf3 Nc6 7. d3 Bg4 8.
Be2 e5 9. h3 Bh5 10. Be3 O-O-O 11. Nbd2 f5 12. Nb3 Nxe3 13. fxe3 Be7 14. Nfd2
Bg6 15. g3 f4 16. gxf4 Bxd3 17. Bxd3 Rxd3 18. Ke2 Rhd8 19. Ne4 exf4 20. exf4 c4
21. Nbd2 b5 22. Rad1 Rf8 23. Rdf1 Rfd8 24. Rd1 1/2-1/2

[Event "Faxe Dags EMT 2012"]
[Site "Faxe"]
[Date "2012.04.25"]
[Round "4"]
[White "Petersen, Bent"]
[Black "Larsen, Paul M"]
[Result "1-0"]
[WhiteElo "1915"]
[BlackElo "1293"]
[PlyCount "53"]
[EventDate "2012.??.??"]

1. d4 Nf6 2. c4 e6 3. Nc3 Bb4 4. Bd2 O-O 5. e3 b6 6. Nf3 Bb7 7. Rc1 c5 8. dxc5
bxc5 9. a3 Ba5 10. Bd3 d5 11. cxd5 exd5 12. O-O Qe7 13. Nxd5 Nxd5 14. Bxa5 Nxe3
15. fxe3 Qxe3+ 16. Kh1 Nc6 17. Re1 Qh6 18. Bd2 Qd6 19. Qc2 g6 20. Be4 Nd4 21.
Nxd4 Bxe4 22. Rxe4 cxd4 23. Bb4 d3 24. Bxd6 dxc2 25. Bxf8 Rd8 26. Bh6 Rd1+ 27.
Re1 1-0

[Event "Faxe Dags EMT 2012"]
[Site "Faxe"]
[Date "2012.04.25"]
[Round "4"]
[White "Christoffersen, Per"]
[Black "Strandsbjerg, Jens"]
[Result "1/2-1/2"]
[WhiteElo "1646"]
[BlackElo "1433"]
[PlyCount "86"]
[EventDate "2012.??.??"]

1. d4 Nf6 2. Nf3 e6 3. e3 b6 4. Bd3 Bb7 5. Nbd2 d5 6. O-O Nbd7 7. Re1 Bd6 8. c3
O-O 9. e4 dxe4 10. Nxe4 Nxe4 11. Bxe4 Bxe4 12. Rxe4 Nf6 13. Re1 h6 14. Qe2 c5
15. Be3 Qc7 16. dxc5 Bxc5 17. Bxc5 Qxc5 18. Rad1 Rad8 19. Rd2 Rxd2 20. Qxd2 Qc7
21. Qe3 Rd8 22. h3 Rd5 23. g4 Qc4 24. b3 Qd3 25. Nd4 Qxe3 26. Rxe3 Rc5 27. c4
h5 28. f3 a6 29. a4 hxg4 30. hxg4 Nd7 31. Kf2 Ne5 32. Kg3 Nc6 33. Nxc6 Rxc6 34.
Rd3 Kf8 35. Rd7 Ke8 36. Rd4 a5 37. Kf2 Ke7 38. Ke3 g5 39. f4 gxf4+ 40. Kxf4 Rc5
41. Kf3 f6 42. Kg3 Re5 43. Rd3 Rg5 1/2-1/2

[Event "Faxe Dags EMT 2012"]
[Site "Faxe"]
[Date "2012.04.25"]
[Round "4"]
[White "Frederiksen, Uffe"]
[Black "Sorensen, Lindved"]
[Result "1-0"]
[WhiteElo "1712"]
[BlackElo "1501"]
[PlyCount "93"]
[EventDate "2012.??.??"]

1. c4 c5 2. g3 g6 3. Bg2 Bg7 4. Nc3 e6 5. d3 Ne7 6. e4 Nbc6 7. Nge2 O-O 8. O-O
Nd4 9. Rb1 Nec6 10. Nxd4 Nxd4 11. Ne2 f5 12. Nxd4 Bxd4 13. Be3 Qf6 14. b4 d6
15. Bxd4 Qxd4 16. exf5 Rxf5 17. bxc5 Rxc5 18. Bxb7 Bxb7 19. Rxb7 Ra5 20. Qb3
Rf8 21. Qb2 Qxb2 22. Rxb2 Rf3 23. Rd2 g5 24. Kg2 g4 25. h3 h5 26. hxg4 hxg4 27.
Re1 Kf7 28. Re4 Ra3 29. Rd4 Ke7 30. Rxg4 Rfxd3 31. Rxd3 Rxd3 32. Rg7+ Kf6 33.
Rxa7 Rc3 34. Ra4 Ke5 35. f3 Kd4 36. g4 Ke5 37. Kg3 Kf6 38. Kf4 e5+ 39. Ke4 Ke6
40. Rb4 Ra3 41. Rb6 Rxa2 42. c5 Ra4+ 43. Ke3 Rd4 44. Rxd6+ Rxd6 45. cxd6 Kxd6
46. Ke4 Ke6 47. g5 1-0

[Event "Faxe Dags EMT 2012"]
[Site "Faxe"]
[Date "2012.04.25"]
[Round "4"]
[White "Eckert, Svend"]
[Black "Toftvang, Ove"]
[Result "1-0"]
[WhiteElo "1630"]
[BlackElo "1252"]
[PlyCount "77"]
[EventDate "2012.??.??"]

1. e4 e5 2. f4 d6 3. Nf3 h6 4. d4 exf4 5. Bxf4 c6 6. Nc3 a6 7. Bd3 Be7 8. O-O
Nf6 9. e5 Nd5 10. Nxd5 cxd5 11. exd6 Bxd6 12. Bxd6 Qxd6 13. Ne5 Be6 14. Qf3 O-O
15. Rae1 Nc6 16. c3 Nxe5 17. Rxe5 f6 18. Re2 Qd7 19. h3 b5 20. Rfe1 Rae8 21.
Bc2 Qd6 22. Qd3 f5 23. Re5 g6 24. Qe3 f4 25. Rxe6 Rxe6 26. Qxe6+ Qxe6 27. Rxe6
g5 28. Rg6+ Kf7 29. Rxh6 a5 30. Rd6 b4 31. Rxd5 Re8 32. Rf5+ Ke6 33. Rxg5 Kd6
34. Kf2 bxc3 35. bxc3 Rb8 36. Bb3 Ra8 37. c4 a4 38. c5+ Kc6 39. Bd5+ 1-0

[Event "Faxe Dags EMT 2012"]
[Site "Faxe"]
[Date "2012.04.25"]
[Round "4"]
[White "Refsgaard, Kaj"]
[Black "Brinkhard, Anders"]
[Result "0-1"]
[WhiteElo "1428"]
[BlackElo "1557"]
[PlyCount "60"]
[EventDate "2012.??.??"]

1. d4 d5 2. Nf3 Nf6 3. Bg5 e6 4. e3 Be7 5. Bd3 h6 6. Bh4 c6 7. O-O Nbd7 8. Nbd2
O-O 9. Rc1 Nh7 10. Bg3 Ng5 11. c4 Re8 12. cxd5 exd5 13. a3 Nf8 14. Ne5 Nd7 15.
f4 Nxe5 16. fxe5 Be6 17. Qh5 Qd7 18. Qe2 Bg4 19. Qf2 Rf8 20. Nf3 Bxf3 21. h4
Be4 22. Bxe4 Nxe4 23. Qe1 Qg4 24. Rf3 f6 25. Bh2 fxe5 26. Rxf8+ Rxf8 27. Bxe5
Bxh4 28. Qb4 Bf2+ 29. Kh1 Qh4+ 30. Bh2 Ng3# 0-1

[Event "Faxe Dags EMT 2012"]
[Site "Faxe"]
[Date "2012.04.25"]
[Round "4"]
[White "Hansen, Borge"]
[Black "Nielsen, Harald"]
[Result "0-1"]
[WhiteElo "1581"]
[BlackElo "1393"]
[PlyCount "93"]
[EventDate "2012.??.??"]

1. e4 e5 2. Bc4 c6 3. h3 Nf6 4. d3 b5 5. Bb3 h6 6. Nf3 d6 7. O-O Nbd7 8. Be3 a5
9. a3 Be7 10. Nbd2 O-O 11. Nh2 Nh7 12. f4 Ndf6 13. f5 d5 14. c3 Ng5 15. Nhf3
Nxf3+ 16. Qxf3 d4 17. cxd4 exd4 18. Bf4 Bb7 19. Rac1 c5 20. Be5 Rc8 21. Qg3 Kh7
22. Ba2 Qe8 23. Bb1 Rg8 24. Nb3 Qd8 25. Kh1 a4 26. Nd2 Rc6 27. Ba2 Qe8 28. Rc2
g6 29. fxg6+ Rxg6 30. Qf2 Bc8 31. Nf3 Be6 32. Bxe6 Rxe6 33. Bg3 Nh5 34. Bh2 Bd6
35. Nh4 Rgf6 36. Nf5 Bxh2 37. Kxh2 Qf8 38. Qh4 Ng7 39. Rcf2 Nxf5 40. Rxf5 Rxf5
41. Rxf5 f6 42. g4 c4 43. Rxb5 cxd3 44. Qe1 Qd6+ 45. Kg2 Qf4 46. Qh4 Qxe4+ 47.
Kh2 0-1

[Event "Faxe Dags EMT 2012"]
[Site "Faxe"]
[Date "2012.04.25"]
[Round "4"]
[White "Ostrem, Eyolf"]
[Black "Hansen, Knud"]
[Result "1-0"]
[WhiteElo "1414"]
[BlackElo "1506"]
[PlyCount "67"]
[EventDate "2012.??.??"]

1. d4 d5 2. Bf4 e6 3. e3 Nf6 4. Nd2 Nbd7 5. Ngf3 h6 6. Bd3 Be7 7. c3 O-O 8. Ne5
Nxe5 9. dxe5 Nd7 10. Qg4 Bg5 11. h4 Bxf4 12. exf4 Qe8 13. O-O-O Nc5 14. Bc2 b5
15. Nb3 Nb7 16. Qe2 c5 17. g4 f5 18. gxf5 exf5 19. Qe3 c4 20. Nd4 Nd8 21. Rde1
Be6 22. Rhg1 Rb8 23. h5 Rb6 24. Rg6 Bc8 25. Reg1 Rxg6 26. Rxg6 Rf7 27. Qg3 Kh8
28. Rd6 Nb7 29. Rxd5 a6 30. Nf3 Qc6 31. Rd1 Be6 32. Nd4 Qe8 33. Qg6 Nd8 34.
Nxf5 1-0

[Event "Faxe Dags EMT 2012"]
[Site "Faxe"]
[Date "2012.04.25"]
[Round "4"]
[White "Hansen, Arne Mandrup"]
[Black "Wehlast, Svend Erik"]
[Result "0-1"]
[WhiteElo "1313"]
[BlackElo "1475"]
[PlyCount "130"]
[EventDate "2012.??.??"]

1. d4 d5 2. c4 e6 3. Nf3 h6 4. g3 Nf6 5. Bg2 Bb4+ 6. Bd2 Bxd2+ 7. Nbxd2 O-O 8.
O-O dxc4 9. Nxc4 c6 10. b3 Nbd7 11. Qc2 Nb6 12. Rfd1 Nbd5 13. Ne1 Nh7 14. e4
Ne7 15. Nf3 Ng6 16. Nce5 Ng5 17. Rd3 Nxf3+ 18. Nxf3 Qa5 19. Qc5 Qd8 20. Rad1
Re8 21. e5 b6 22. Qc3 Ne7 23. Ne1 Ba6 24. R3d2 Rc8 25. Qf3 Nd5 26. Rc1 Qe7 27.
Nd3 Qg5 28. Nf4 Bb7 29. Rcc2 c5 30. Nxd5 Bxd5 31. Qe2 Bxg2 32. Kxg2 cxd4 33.
Rxc8 Rxc8 34. f4 Qd8 35. Qd3 Qd5+ 36. Kh3 Rd8 37. Qa6 Rd7 38. Qd3 b5 39. b4 Qc4
40. Qb3 d3 41. Kg2 Qe4+ 42. Kh3 Rd4 43. a3 g5 44. Qd1 Qe3 45. fxg5 hxg5 46. Kg2
g4 47. h3 Qe4+ 48. Kh2 gxh3 49. Kxh3 Qxe5 50. Qf3 Qf5+ 51. Qxf5 exf5 52. Kg2
Kg7 53. Kf3 Kg6 54. Ke3 Rg4 55. Kf3 Rd4 56. Ke3 Rd7 57. Rxd3 Rxd3+ 58. Kxd3 Kg5
59. Ke3 Kg4 60. Kf2 f4 61. gxf4 Kxf4 62. Ke2 Ke4 63. Kd2 Kd4 64. Kc2 Kc4 65.
Kd2 Kb3 0-1